| 000 | 00462nam a2200181Ia 4500 | ||
|---|---|---|---|
| 001 | 44777 | ||
| 008 | 140428s9999 xx 000 0 und d | ||
| 020 | _aNA | ||
| 040 | _cPK-LaUMT | ||
| 082 |
_aRHC 891.4394 _bHAS-S |
||
| 100 | _aHasan, Muhammad | ||
| 245 |
_aShinaasaa chhehray (Urdu) _cHasan, Muhammad |
||
| 260 |
_aAligarh,India: _bEducational Book House, _c1979 |
||
| 300 | _a223 p. | ||
| 546 | _aUR | ||
| 650 | _aPakistani literature-Urdu | ||
| 942 | _cBK | ||
| 999 |
_c42756 _d42756 |
||